| 000 | 00372nam a2200145Ia 4500 | ||
|---|---|---|---|
| 008 | 210210b1973 xxu||||| |||| 00| 0 eng d | ||
| 082 | _a546 DUTI | ||
| 100 | _aDUTTA (R L). | ||
| 245 | _aInorganic chemistry. | ||
| 260 |
_aCalcutta _bScience Book Agency _c1973 |
||
| 300 | _axiv,587 | ||
| 650 | _aInorganic Chemistry | ||
| 690 | _aInorganic Chemistry | ||
| 906 | _aSG00436 | ||
| 999 |
_c111904 _d111904 |
||